000 00681nam a2200253Ia 4500
003 OSt
005 20220926014514.0
006 a|||||r|||| 00| 0
007 ta
008 220923b |||||||| |||| 00| 0 eng d
020 _a0070493138
037 _cGeneral Book
040 _aRTL
_cRTL
_beng
041 _2eng
_aeng
082 _aX:71, N5
100 _aLuenberger David G
245 0 _aMicroeconomic Theory
260 _aNew York
_bMcGraw-Hill
_c1995
300 _axviii, 486p
_ccm.
500 _aBibliography chapterwise and: P 469-77
650 _aMicroeconomics
942 _hX:71, N5
_cGB
_2CC
999 _c629198
_d629198